Score 0/20 Timer 03:00
3 Plays Today
Term Word % Correct
_____ EclipseLunar
93.3%
The Biggest _____Loser
91.3%
The Scarlet ______Letter
88.4%
King _____Lear
87.5%
_____, _____Liar
87.4%
Los Angeles _____Laker
86.9%
Dragon's _____Lair
79.7%
Foster's _____Lager
79.3%
Jacob's ______Ladder
79.3%
Ring-tailed _____Lemur
78.9%
Term Word % Correct
_____-Assisted in situ KeratomileusisLaser
65.5%
Middle _____Linebacker
65.4%
_____ of the OppositionLeader
59.9%
The Lincoln _____Lawyer
48.8%
Larry the _____Lobster
42.9%
6th _____ of HeraclesLabor
37.6%
_____ CheeseLimburger
37%
House of _____Lancaster
30.1%
Antoine-Laurent de _____Lavoisier
13.3%
_____ of SpartaLysander
3.3%

Today's Daily Dose

Remove Ads.
Support Sporcle.
Get the best of Sporcle when you Go Orange. This ad-free experience offers more features, more stats, and more fun while also helping to support Sporcle. Thank you for becoming a member.

You're not logged in!

Compare scores with friends on all Sporcle quizzes.
OR
Log In

Show Comments

Extras

Top Quizzes Today


Score Distribution

Your Account Isn't Verified!

In order to create a playlist on Sporcle, you need to verify the email address you used during registration. Go to your Sporcle Settings to finish the process.

Report this User

Report this user for behavior that violates our Community Guidelines.

Details: